000 01255nam a22003737a 4500
001 4771650
003 OSt
005 20210426122156.0
008 860528t19861955nyua 001 0 eng
010 _a 86045102
020 _a0060913533 (pbk.)
040 _aDLC
_cDLC
_dDLC
_beng
041 _aeng
050 0 0 _aPE1689
_b.F757 1986
080 _a811.111
_bF-97
082 0 0 _a422
_219
100 1 _aFunk, Charles Earle,
_d1881-1957.
245 1 0 _aHeavens to Betsy! and other curious sayings /
_cCharles Earle Funk ; with illustrations by Tom Funk.
_b/ by: Perennial Library
250 _a1st Perennial Library edition
260 _aNew York :
_bPerennial Library
_c c1955.
300 _a224 p.
_bill.
_c21 cm.
365 _b7 usd
500 _aCover title: Heavens to Betsy! & other curious sayings.
500 _aSpine title: Heavens to Betsy!
500 _aIncludes index.
650 0 _aEnglish language
_xTerms and phrases.
650 0 _aEnglish language
_xEtymology.
653 _aინგლისური ენა
700 _9765
_aFunk, Tom
_eIllustrator
740 0 _aHeavens to Betsy! & other curious sayings.
740 0 _aHeavens to Betsy!
906 _a7
_bcbc
_corignew
_d1
_eocip
_f19
_gy-gencatlg
942 _2udc
_cBK
_e1
999 _c1139
_d1139